000 01077cam a22003135a 4500
999 _c26822
_d26794
001 12647315
005 20180719112721.0
008 020116s2003 flua frbf 001 0 eng d
010 _a 2002016110
020 _a1566705363 (v. 1 : alk. paper)
020 _a1566705479 (v. 2 : alk. paper)
020 _a9781566705479
040 _aDLC
_beng
_cDLC
_dDLC
_dEG-ScBUE
042 _apcc
082 0 4 _a616.98
_bKOR
_222
100 1 _aKoren, Herman.
245 1 0 _aHandbook of environmental health /
_cHerman Koren, Michael Bisesi.
246 3 0 _aEnvironmental health
250 _a4th ed.
260 _aBoca Raton, Fla. :
_bLewis Pub. / CRC Press,
_cc.2003.
300 _av. 2 :
_bill. ;
_c24 cm.
500 _a"Co-published with the National Environmental Health Association."
504 _aIncludes bibliographical references and index.
505 2 _av. 2. Pollutant interactions in air, water, and soil.
650 7 _aEnvironmental health
_vHandbooks, manuals, etc.
_2BUEsh
651 _2BUEsh
653 _bPPhrm
_bNNUR
_bGGEN
_cJuly2018
700 1 _aBisesi, Michael S.